Текст томруулах:    
Roles in interpretation (Бичлэгийн дугаар. 146190)
000 -УДИРДЛАГА
Удирдлага 00904nam a22003017a 4500
003 - ХЯНАЛТЫН ТОО ТОДОРХОЙЛОГЧ
Код MN-UlNUM
005 - БИЧИЛТ ХИЙСЭН ОГНОО
Тухайн бичилтийг бичсэн засварласан сүүлийн огноо 20260115152521.0
008 - ЕРӨНХИЙ МЭДЭЭЛЭЛ
Ерөнхий мэдээлэл 260115b xxu||||| |||| 00| 0 mon d
020 ## - ISBN
ISBN 0697327310
040 ## - БИЧЛЭГ ҮҮСГЭГЧ БАЙГУУЛЛАГА
Бичлэг үүсгэгч номын сангийн код МУИС-ийн номын сан
084 ## - ББК АНГИЛАЛ
Нэмэлт тусгалт Бусад
ББК ангилал 84(7)
Зохиогчийн гурван тэмдэгт Y 63
Мэдлэгийн ялгаа 84 - Уран зохиол
100 1# - ЗОХИОГЧ
Зохиогчийн нэр Yordon, Judy E.
245 10 - ҮНДСЭН ГАРЧИГ
Номын нэр Roles in interpretation
Оролцогчдын тухай мэдээ Judy E. Yordon.
250 ## - ДАХИН ХЭВЛЭЛТ
Дахин гаралтын дугаар 4th ed.
260 ## - ГАРАЛТЫН МЭДЭЭ
Хэвлэгдсэн газар Boston :
Хэвлэлийн газар McGraw-Hill College,
Хэвлэгдсэн он 1999.
300 ## - МАТЕРИАЛЫН ТОДОРХОЙЛОЛТ
хуудасны тоо xvi, 437 p. :
Бусад тоон мэдээлэл ill. ;
Хэмжээ 24 cm.
500 ## - Тайлбар
Дансны дугаар БС 5006
546 ## - ХЭЛНИЙ ТУХАЙ МЭДЭЭ
Хэл Англи хэл дээр,
653 ## - Түлхүүр үг
Түлхүүр үг oral interpretation
653 ## - Түлхүүр үг
Түлхүүр үг social role
740 ## - НОМЫН ГАРЧИГ
Гарчиг Your Role in Interpretation
740 ## - НОМЫН ГАРЧИГ
Гарчиг Your Role with Literature: Appreciation
740 ## - НОМЫН ГАРЧИГ
Гарчиг Your Role with Literature: Analysis
740 ## - НОМЫН ГАРЧИГ
Гарчиг Your Role in Rehearsal and Performance
942 ## - ЭЛЕМЕНТИЙН ТӨРӨЛ
Зүйлийн төрөл Ном